000 00986nam a2200253 i 4500
001 183590
003 ES-MaACL
005 20250828063301.0
008 140724s2013 sp ac | |||||||| | spa d
020 _a978-84-9873-204-7
080 _a725.893.035/.036(460.27 M.):796.3
080 _a796.31(460.27 M.)"18/19"
100 1 _aRamos Altamira, Ignacio,
_d1968-
_9155091
245 1 0 _aFrontones madrileños
_b: auge y caída de la pelota vasca en Madrid /
_cIgnacio Ramos Altamira.
260 _aMadrid :
_bLa Librería,
_cD.L. 2013.
300 _a217 p. :
_bil., retr. ;
_c21 cm.
504 _aBibliografía: p. 215-217.
650 7 _aFrontones-
_zMadrid.
_9155092
650 7 _aPelota vasca-
_zMadrid.
_9155093
852 _aES-MaACL
_jN-6195
_9190532
_bR.150054
_cDEPO1
_dOlim: N-6195
_gDedicatoria autógrafa del autor
_hDonación: Ignacio Ramos Altamira
903 _aRamos Altamira, Ignacio,
_d1968-
_ednr
_9155091
942 _2udc
_cMONOGRAFIA
999 _c183590
_d183590